000
00292nam a22001337a 4500
008
180205b xxu||||| |||| 00| 0 eng d
020
_a
1881956067
041
_a
eng
080
_a
574
100
_a
9
101
_a
MJE
245
_a
The landscape below ground
_c
Watson,G.W
942
_2
udc
_c
BK
999
_c
41719
_d
41719